Meilleurs buteurs de la Ligue 1 - Mort Subite - Statistiques

Statistiques générales
  • Ce quiz a été pris 114 fois
  • Le résultat moyen est 2 sur 22
Answers on the Grid
Answers color-coded by a green-red scale on the quiz's grid according to % correct below.
Delio Onnis
Bernard Lacombe
Hervé Revelli
Roger Courtois
Thadée Cisowski
Roger Piantoni
Kylian Mbappé
Joseph Ujlaki
Fleury Di Nallo
Carlos Bianchi
Gunnar Andersson
Hassan Akesbi
Jean Baratte
Just Fontaine
Alain Giresse
Alexandre Lacazette
Wissam Ben Yedder
André Guy
Désiré Koranyi
Jean-Pierre Papin
Jacky Vergnes
Josip Skoblar
Pauleta
Michel Platini
Edinson Cavani
Zlatan Ibrahimović
Dimitri Payet
Jimmy Briand
Kevin Gameiro
Sonny Anderson
 
Statistiques - réponses
Réponse % Correct
Kylian Mbappé
50%
Alexandre Lacazette
28%
Jean-Pierre Papin
19%
Wissam Ben Yedder
18%
Bernard Lacombe
16%
Carlos Bianchi
10%
Delio Onnis
10%
Josip Skoblar
10%
Alain Giresse
7%
Hervé Revelli
7%
Roger Piantoni
7%
Just Fontaine
6%
Thadée Cisowski
6%
André Guy
4%
Fleury Di Nallo
4%
Gunnar Andersson
4%
Hassan Akesbi
4%
Jacky Vergnes
4%
Joseph Ujlaki
4%
Roger Courtois
4%
Désiré Koranyi
3%
Jean Baratte
3%
Aucun quiz correspondant
Distribution des résultats
% des personnes avec chaque résultat
Percentile par nombre de réponses
Votre historique - résultats
Vous n’avez pas pris ce quiz